000 00952cam a2200289 i 4500
001 979
003 Mx-PuUPA
005 20230829113126.0
008 140415s1989 gerao frc 000 0 eng d
020 _a3874392058
040 _aMx-PuUPA
_bspa
_cMx-PuUPA
_dMx-PuUPA
_erda
041 0 _aeng
100 1 _aKieser, Günther,
_d1930-
_914709
_eautor
245 1 4 _aDas Zweite Gesicht :
_bPlakate Von Günther Kieser
264 1 _aMainz :
_bVerlag Hermann Schmidt
_c1989
300 _a40 páginas :
_bilustraciones ;
_c43 cm
336 _2rdacontent
_atexto
_btxt
337 _2rdamedia
_asin medio
_bn
338 _2rdacarrier
_avolumen
_bnc
610 1 4 _aKieser, Günther, 1930
_vExposiciones
650 7 _2armarc
_aCarteles alemanes
_vExposiciones
_ySiglo XIX
650 1 7 _2armarc
_aCarteles alemanes
_vCatálogos de exposición
942 _2ddc
_cLI
_h744.780943
_iK47
999 _c979
_d979